000 00538nmm a2200169Ia 4500
008 251105s9999||||xx |||||||||||||||||und||
020 _a9788490735886
041 _aspa
100 _aNavarro Puerto, Mercedes
245 0 _aLos rostros bíblicos de María :
_b Exégesis y hermenéutica bíblica feminista
264 _a[Madrid, España] :
_bEditorial Verbo Divino,
_c2020
300 _a336 páginas
490 _aEstudios bíblicos
650 _aReligion(s)
856 _uhttps://public.digitaliapublishing.com/a/68569
942 _cCF
999 _c87917
_d87917